<?xml version="1.0" encoding="UTF-8"?>
<record
    xmlns:xsi="http://www.w3.org/2001/XMLSchema-instance"
    xsi:schemaLocation="http://www.loc.gov/MARC21/slim http://www.loc.gov/standards/marcxml/schema/MARC21slim.xsd"
    xmlns="http://www.loc.gov/MARC21/slim">

  <leader>00753    a2200241   4500</leader>
  <controlfield tag="001">119242</controlfield>
  <datafield tag="020" ind1=" " ind2=" ">
    <subfield code="a">9781489862921</subfield>
  </datafield>
  <datafield tag="020" ind1=" " ind2=" ">
    <subfield code="q">enc.</subfield>
  </datafield>
  <datafield tag="041" ind1=" " ind2=" ">
    <subfield code="a">eng</subfield>
  </datafield>
  <datafield tag="082" ind1=" " ind2=" ">
    <subfield code="a">[Fic]</subfield>
  </datafield>
  <datafield tag="100" ind1=" " ind2=" ">
    <subfield code="a">Card, Orson Scott</subfield>
  </datafield>
  <datafield tag="300" ind1=" " ind2=" ">
    <subfield code="a">380 p.</subfield>
  </datafield>
  <datafield tag="520" ind1=" " ind2=" ">
    <subfield code="a">Young Ender Wiggin may prove to be the military genius Earth needs to fight a desperate battle against a deadly alien race that will determine the future of the human race.</subfield>
  </datafield>
  <datafield tag="697" ind1=" " ind2=" ">
    <subfield code="a">Science fiction</subfield>
  </datafield>
  <datafield tag="697" ind1=" " ind2=" ">
    <subfield code="a">Perseverance - Fiction.</subfield>
  </datafield>
  <datafield tag="697" ind1=" " ind2=" ">
    <subfield code="a">Military education</subfield>
  </datafield>
  <datafield tag="856" ind1=" " ind2=" ">
    <subfield code="u">000034/000034a8.jpg</subfield>
  </datafield>
  <datafield tag="040" ind1=" " ind2=" ">
    <subfield code="a">BR-BrIDEA</subfield>
    <subfield code="c">BR-BrIDEA</subfield>
  </datafield>
  <datafield tag="090" ind1=" " ind2=" ">
    <subfield code="a">P Year 8 [Fic]</subfield>
    <subfield code="b">CAR</subfield>
  </datafield>
  <datafield tag="245" ind1="1" ind2="0">
    <subfield code="a">Ender&#xB4;s game</subfield>
    <subfield code="c">Orson Scott Card</subfield>
  </datafield>
  <datafield tag="260" ind1=" " ind2=" ">
    <subfield code="a">New York</subfield>
    <subfield code="b">Tom Doherty Associates</subfield>
    <subfield code="c">1991</subfield>
  </datafield>
  <datafield tag="942" ind1=" " ind2=" ">
    <subfield code="c">BK</subfield>
  </datafield>
  <datafield tag="952" ind1=" " ind2=" ">
    <subfield code="0">0</subfield>
    <subfield code="1">0</subfield>
    <subfield code="2">ddc</subfield>
    <subfield code="4">0</subfield>
    <subfield code="7">0</subfield>
    <subfield code="a">12.28</subfield>
    <subfield code="b">12.28</subfield>
    <subfield code="d">2023-04-12</subfield>
    <subfield code="l">1</subfield>
    <subfield code="o">P Year 8 [Fic] CAR</subfield>
    <subfield code="p">00061801SSW</subfield>
    <subfield code="q">2024-07-22</subfield>
    <subfield code="r">2024-05-23 08:15:45</subfield>
    <subfield code="s">2024-05-23</subfield>
    <subfield code="w">2024-01-23</subfield>
    <subfield code="y">BK</subfield>
  </datafield>
  <datafield tag="952" ind1=" " ind2=" ">
    <subfield code="0">0</subfield>
    <subfield code="1">0</subfield>
    <subfield code="2">ddc</subfield>
    <subfield code="4">0</subfield>
    <subfield code="7">0</subfield>
    <subfield code="a">12.28</subfield>
    <subfield code="b">12.28</subfield>
    <subfield code="d">2023-04-12</subfield>
    <subfield code="l">1</subfield>
    <subfield code="o">P Year 8 [Fic] CAR</subfield>
    <subfield code="p">00061802SSW</subfield>
    <subfield code="q">2024-08-05</subfield>
    <subfield code="r">2024-06-06 09:17:17</subfield>
    <subfield code="s">2024-06-06</subfield>
    <subfield code="w">2024-01-23</subfield>
    <subfield code="y">BK</subfield>
  </datafield>
  <datafield tag="952" ind1=" " ind2=" ">
    <subfield code="0">0</subfield>
    <subfield code="1">0</subfield>
    <subfield code="2">ddc</subfield>
    <subfield code="4">0</subfield>
    <subfield code="7">0</subfield>
    <subfield code="a">12.28</subfield>
    <subfield code="b">12.28</subfield>
    <subfield code="d">2023-04-12</subfield>
    <subfield code="l">1</subfield>
    <subfield code="o">P Year 8 [Fic] CAR</subfield>
    <subfield code="p">00061803SSW</subfield>
    <subfield code="q">2024-08-05</subfield>
    <subfield code="r">2024-06-06 09:17:04</subfield>
    <subfield code="s">2024-06-06</subfield>
    <subfield code="w">2024-01-23</subfield>
    <subfield code="y">BK</subfield>
  </datafield>
  <datafield tag="999" ind1=" " ind2=" ">
    <subfield code="c">119242</subfield>
    <subfield code="d">119242</subfield>
  </datafield>
</record>
